Lịch sử vật lý học /
Thời kỳ ban đầu của sự phát triển vật lý học; Cuộc cách mạng khoa học lần thứ nhất - Sự ra đời của vật lý học thực nghiệm; Cơ học Niutơn và sự hoàn thành cuộc cách mạng khoa học; Bước đầu hình thành vật lý học cổ điển; Vật lý học thời kỳ phát triển công nghiệp tư bản chủ nghĩa; Sự phát minh ra định...
में बचाया:
| मुख्य लेखक: | |
|---|---|
| स्वरूप: | पुस्तक |
| भाषा: | Vietnamese |
| प्रकाशित: |
Hà Nội :
Giáo dục,
2003.
|
| संस्करण: | Tái bản có chỉnh lý và bổ sung. |
| विषय: | |
| टैग : |
टैग जोड़ें
कोई टैग नहीं, इस रिकॉर्ड को टैग करने वाले पहले व्यक्ति बनें!
|
| Thư viện lưu trữ: | Mạng thư viện Đại học Đà Nẵng |
|---|
| LEADER | 01710cam a2200361 a 4500 | ||
|---|---|---|---|
| 001 | 000044447 | ||
| 003 | 2828 | ||
| 005 | 20060414142113.0 | ||
| 008 | 010220b2003 vm 000 vie | ||
| 020 | |c 21700 | ||
| 040 | |a LRC |c LRC |d LRC | ||
| 041 | 0 | |a vie | |
| 082 | 1 | 4 | |a 530.09 |b ĐA-P |
| 100 | 1 | |a Đào Văn Phúc. | |
| 245 | 1 | 0 | |a Lịch sử vật lý học / |c Đào Văn Phúc. |
| 250 | |a Tái bản có chỉnh lý và bổ sung. | ||
| 260 | |a Hà Nội : |b Giáo dục, |c 2003. | ||
| 300 | |a 323 tr. : |b mh. ; |c 20,3 cm. | ||
| 520 | 3 | |a Thời kỳ ban đầu của sự phát triển vật lý học; Cuộc cách mạng khoa học lần thứ nhất - Sự ra đời của vật lý học thực nghiệm; Cơ học Niutơn và sự hoàn thành cuộc cách mạng khoa học; Bước đầu hình thành vật lý học cổ điển; Vật lý học thời kỳ phát triển công nghiệp tư bản chủ nghĩa; Sự phát minh ra định luật bảo toàn và chuyển hóa năng lượng; Sự hoàn chỉnh vật lý học cổ điển; Cuộc cách mạng mới trong vật lý học - Vật lý học hiện đại. | |
| 630 | 0 | 4 | |a Vật lý. |
| 650 | 0 | 4 | |a Vật lý học |x Lịch sử. |
| OWN | |a DUT | ||
| AVA | |a UDN50 |b DUT |c Book |d 530.09 ĐA-P |e available |t Error 5001 Not defined in file expand_doc_bib_avail. |f 3 |g 0 |h N |i 3 |j SH |k 1 | ||
| 999 | |a From the UDN01 | ||
| AVA | |a UDN50 |b DUT |c Book |d 530.09 ĐA-P |e available |t Error 5001 Not defined in file expand_doc_bib_avail. |f 3 |g 0 |h N |i 3 |j SH |k 1 | ||
| TYP | |a Monograph | ||
| TYP | |a Printed language | ||
| 980 | |a Mạng thư viện Đại học Đà Nẵng | ||